|
|
|
|
| LEADER |
01361nam a2200301 u 4500 |
| 001 |
10119362 |
| 003 |
upatras |
| 005 |
20210117205752.0 |
| 008 |
160308s2013 us eng |
| 020 |
|
|
|a 9780262019200
|
| 040 |
|
|
|a ΠΑΝΕΠΙΣΤΗΜΙΟ ΠΑΤΡΑΣ
|c ΠΑΝΕΠΙΣΤΗΜΙΟ ΠΑΤΡΑΣ
|
| 041 |
1 |
|
|a eng
|
| 082 |
0 |
4 |
|a 121.34
|
| 245 |
1 |
0 |
|a Hallucination
|c ; edited by Fiona Macpherson and Dimitris Platchias
|
| 260 |
|
|
|a Cambridge, Massachusetts
|b MIT Press
|c 2013
|
| 300 |
|
|
|a x, 420 σ.
|c 24 εκ.
|
| 504 |
|
|
|a Περιλαμβάνει βιβλιογραφικές παραπομπές και ευρετήριο
|
| 650 |
|
4 |
|a Ψευδαισθήσεις και παραισθήσεις
|9 111108
|
| 650 |
|
4 |
|a Πραγματικότητα (Φιλοσοφία)
|9 91802
|
| 650 |
|
4 |
|a Αυταπάτη
|9 146657
|
| 650 |
|
4 |
|9 39746
|a Αντίληψη (Φιλοσοφία)
|
| 700 |
1 |
|
|a Macpherson, Fiona
|4 edt
|9 149328
|
| 700 |
1 |
|
|a Platchias, Dimitris
|d 1977-
|4 edt
|9 149329
|
| 852 |
|
|
|a GR-PaULI
|b ΠΑΤΡΑ
|b ΦΙΛΟΣΟΦΙΑ
|k ΑΣΧΞ-4
|h 121.34 HAL
|m 11094
|p 025000186489
|t 1
|
| 942 |
|
|
|2 ddc
|c BK15
|
| 952 |
|
|
|0 0
|1 0
|4 0
|6 121_340000000000000_HAL
|7 0
|9 190023
|a PHIL
|b PHIL
|d 2016-04-24
|i 11094
|l 2
|m 1
|o 121.34 HAL
|p 025000186489
|r 2018-03-29 00:00:00
|s 2018-02-26
|t 1
|w 2016-04-24
|y BK15
|
| 998 |
|
|
|c ΚΑΝΕΛΛΟΠΟΥΛΟΥ
|d 2016-02
|
| 999 |
|
|
|c 117031
|d 117031
|